00842nam a2200229 a 450000100080000000500110000800800410001910000160006024501800007626001520025665000090040865300170041765300160043470000190045070000270046970000230049670000200051970000220053970000160056170000200057770000150059719727032018-09-14 2013 bl uuuu u00u1 u #d1 aFELBERG, I. aAvaliação da composição centesimal e dos teores de isoflavonas de cultivares de soja (Glycine max (L.) Merrill) especiais para alimentação humana.h[electronic resource] aIn: AMERICAS: INTERNATIONAL CONFERENCE ON SOYBEAN UTILIZATION, 2013, Bento Gonçalves. Proceedings... Brasília, DF: Embrapa, 2013. 1 CD-ROM.c2013 aSoja aComposição aIsoflavonas1 aPEREIRA, J. N.1 aCARRÃO-PANIZZI, M. C.1 aOLIVEIRA, D. R. de1 aGODOY, R. L. O.1 aFREITAS, S. C. de1 aPACHECO, S.1 aCUNHA, C. P. da1 aBORGES, E.